Don't let shop lets get you down (Record no. 66567)
[ view plain ]
| 000 -LEADER | |
|---|---|
| fixed length control field | 01358cam a2200265 4500 |
| 001 - CONTROL NUMBER | |
| control field | ABS63723 |
| 008 - FIXED-LENGTH DATA ELEMENTS--GENERAL INFORMATION | |
| fixed length control field | 000000n2001 000 0 eng u |
| 035 ## - SYSTEM CONTROL NUMBER | |
| System control number | (Sirsi) u111733 |
| 100 ## - MAIN ENTRY--PERSONAL NAME | |
| Personal name | Smith, R. |
| 245 ## - TITLE STATEMENT | |
| Title | Don't let shop lets get you down |
| 260 ## - PUBLICATION, DISTRIBUTION, ETC. | |
| Date of publication, distribution, etc. | 2001 |
| 490 ## - SERIES STATEMENT | |
| Series statement | Estates Gazette |
| Volume/sequential designation | (0112) 24 March 2001, 156-157(2) |
| 520 ## - SUMMARY, ETC. | |
| Summary, etc. | Provides advice for surveyors on the cost and risk factors involved with residential lettings for flats located above commercial premises. Looks at the issues both landlords and tenants should consider when setting the rent for flats let above shops. Recent increases in residential values mean that in some locations the rental value of the flat could be the same, or more than, the rental value of the retail part. Considers what additional rent a commercial tenant should pay for the benefit, or in some cases liability, of the flat above their shop. Discusses how the various costs can be quantified or translated into rental, and illustrates points made through two case studies. |
| 590 ## - LOCAL NOTE (RLIN) | |
| Local note | ABS |
| 650 ## - SUBJECT ADDED ENTRY--TOPICAL TERM | |
| Topical term or geographic name entry element | FLATS ABOVE SHOPS |
| 650 ## - SUBJECT ADDED ENTRY--TOPICAL TERM | |
| Topical term or geographic name entry element | COSTS |
| 650 ## - SUBJECT ADDED ENTRY--TOPICAL TERM | |
| Topical term or geographic name entry element | LEASES |
| 650 ## - SUBJECT ADDED ENTRY--TOPICAL TERM | |
| Topical term or geographic name entry element | RENTS |
| 650 ## - SUBJECT ADDED ENTRY--TOPICAL TERM | |
| Topical term or geographic name entry element | SHORT-TERM TENANCIES |
| 650 ## - SUBJECT ADDED ENTRY--TOPICAL TERM | |
| Topical term or geographic name entry element | RETAIL PROPERTIES |
| 650 ## - SUBJECT ADDED ENTRY--TOPICAL TERM | |
| Topical term or geographic name entry element | REPAIRS AND MAINTENANCE |
| 650 ## - SUBJECT ADDED ENTRY--TOPICAL TERM | |
| Topical term or geographic name entry element | FIXTURES AND FITTINGS |
| 690 ## - LOCAL SUBJECT ADDED ENTRY--TOPICAL TERM (OCLC, RLIN) | |
| Topical term or geographic name as entry element | Landlord and tenant |
| 9 (RLIN) | 6252 |
| 942 ## - ADDED ENTRY ELEMENTS (KOHA) | |
| Suppress in OPAC | 0 |
| Withdrawn status | Lost status | Source of classification or shelving scheme | Damaged status | Not for loan | Home library | Current library | Shelving location | Date acquired | Total Checkouts | Full call number | Barcode | Date last seen | Copy number | Price effective from | Koha item type |
|---|---|---|---|---|---|---|---|---|---|---|---|---|---|---|---|
| Dewey Decimal Classification | London | London | Journal article | 02/04/2001 | ABS63723 | 111733-1001 | 06/08/2019 | 1 | 06/08/2019 | Journal article |